Statistics for US States by Number of Roller Coasters

Click here to take the quiz!

General Stats

  • This quiz has been taken 1,100 times
  • The average score is 8 of 10

Answer Stats

# of Roller CoastersUS State% Correct
98California
98%
61Florida
96%
63Texas
93%
54New York
89%
44Ohio
89%
60Pennsylvania
78%
27Georgia
72%
53New Jersey
71%
28Illinois
70%
32Missouri
49%

Score Distribution

Percentile by Number Answered

Percent of People with Each Score

Your Score History

You have not taken this quiz